|
|
|
|
| LEADER |
02476nam a22004935i 4500 |
| 001 |
978-3-540-27626-5 |
| 003 |
DE-He213 |
| 005 |
20150519190358.0 |
| 007 |
cr nn 008mamaa |
| 008 |
100301s2005 gw | s |||| 0|eng d |
| 020 |
|
|
|a 9783540276265
|9 978-3-540-27626-5
|
| 024 |
7 |
|
|a 10.1007/3-540-27626-2
|2 doi
|
| 040 |
|
|
|d GrThAP
|
| 050 |
|
4 |
|a RC321-580
|
| 072 |
|
7 |
|a PSAN
|2 bicssc
|
| 072 |
|
7 |
|a MED057000
|2 bisacsh
|
| 082 |
0 |
4 |
|a 612.8
|2 23
|
| 245 |
1 |
0 |
|a Opportunities and Challenges of the Therapies Targeting CNS Regeneration
|h [electronic resource] /
|c edited by H. D. Perez, B. Mitrovic, A. Baron Van Evercooren.
|
| 264 |
|
1 |
|a Berlin, Heidelberg :
|b Springer Berlin Heidelberg,
|c 2005.
|
| 300 |
|
|
|a XIII, 186 p.
|b online resource.
|
| 336 |
|
|
|a text
|b txt
|2 rdacontent
|
| 337 |
|
|
|a computer
|b c
|2 rdamedia
|
| 338 |
|
|
|a online resource
|b cr
|2 rdacarrier
|
| 347 |
|
|
|a text file
|b PDF
|2 rda
|
| 490 |
1 |
|
|a Ernst Schering Research Foundation Workshop,
|x 0947-6075 ;
|v 53
|
| 505 |
0 |
|
|a New Strategies for CNS Repair -- Heterogeneity of Multiple Sclerosis: Implications for Therapy Targeting Regeneration -- The Neuroprotective Effect of Inflammation: Implications for the Therapy of Multiple Sclerosis -- Fibroblast Growth Factors in Oligodendrocyte Physiology and Myelin Repair -- White Matter Progenitor Cells Reside in an Oligodendrogenic Niche -- At the Interface of the Immune System and the Nervous System: How Neuroinflammation Modulates the Fate of Neural Progenitors In Vivo -- Remyelination and Restoration of Axonal Function by Glial Cell Transplantation -- Gene and Stem Cell Therapy for Autoimmune Demyelination -- Novel Gene Therapeutic Strategies for Neurodegenerative Diseases -- Measuring Injury and Repair of Myelin and Neurons in Multiple Sclerosis.
|
| 650 |
|
0 |
|a Medicine.
|
| 650 |
|
0 |
|a Immunology.
|
| 650 |
|
0 |
|a Neurosciences.
|
| 650 |
|
0 |
|a Neurology.
|
| 650 |
1 |
4 |
|a Biomedicine.
|
| 650 |
2 |
4 |
|a Neurosciences.
|
| 650 |
2 |
4 |
|a Neurology.
|
| 650 |
2 |
4 |
|a Immunology.
|
| 700 |
1 |
|
|a Perez, H. D.
|e editor.
|
| 700 |
1 |
|
|a Mitrovic, B.
|e editor.
|
| 700 |
1 |
|
|a Baron Van Evercooren, A.
|e editor.
|
| 710 |
2 |
|
|a SpringerLink (Online service)
|
| 773 |
0 |
|
|t Springer eBooks
|
| 776 |
0 |
8 |
|i Printed edition:
|z 9783540240822
|
| 830 |
|
0 |
|a Ernst Schering Research Foundation Workshop,
|x 0947-6075 ;
|v 53
|
| 856 |
4 |
0 |
|u http://dx.doi.org/10.1007/3-540-27626-2
|z Full Text via HEAL-Link
|
| 912 |
|
|
|a ZDB-2-SBL
|
| 950 |
|
|
|a Biomedical and Life Sciences (Springer-11642)
|